|
|
|
|
| LEADER |
01313nam a22003137a 4500 |
| 001 |
30423 |
| 003 |
BD-DhAAL |
| 005 |
20241111150002.0 |
| 008 |
150906s1999 bg a|||| b||| 00| 0 eng d |
| 040 |
|
|
|a BD-DhAAL
|c BD-DhAAL
|
| 082 |
|
|
|2 22
|a 307.1412095492
|
| 245 |
|
|
|a Small groups and performance of village organizations in rural development programme of BRAC /
|c Mohammad Rafi ... [et al.].
|
| 260 |
|
|
|a Dhaka :
|b Research and Evaluation Division, BRAC,
|c 1999.
|
| 300 |
|
|
|a 33 pages :
|b illustrations ;
|c 25 cm
|
| 490 |
|
|
|a Research monograph series ;
|v 14
|
| 541 |
|
|
|e 30423
|a Complimentary copy from BRAC
|
| 610 |
|
|
|a BRAC
|9 14405
|
| 650 |
|
|
|a Rural development
|z Bangladesh.
|9 14406
|
| 700 |
|
|
|a Rafi, Mohammad.
|9 35665
|
| 700 |
|
|
|a Ahmed, Shah Asad.
|9 15215
|
| 700 |
|
|
|a Hossain, SM Alamgir.
|9 16084
|
| 700 |
|
|
|a Haque, Md. Fazlul.
|9 1423
|
| 700 |
|
|
|a Dus, Tapon Kumar.
|9 16085
|
| 710 |
|
|
|a BRAC
|9 14405
|
| 830 |
|
|
|a Research monograph series ;
|v 14
|
| 852 |
|
|
|a Ayesha Abed Library
|c BRAC Resource Section
|
| 942 |
|
|
|2 ddc
|c BK
|
| 999 |
|
|
|c 36102
|d 36102
|
| 952 |
|
|
|0 0
|1 0
|2 ddc
|4 0
|6 307_141209549200000_SMA
|7 1
|9 56727
|a BRACUL
|b BRACUL
|c BRS
|d 2015-11-10
|e Complimentary copy from BRAC
|l 0
|o 307.1412095492 SMA
|p 3010030423
|r 2015-11-10
|t 1
|w 2015-11-10
|y BK
|x Complimentary copy from BRAC ; price not available in register
|